| 000 | 00000nam 2200000za 4500 |
| 001 | 9.642065 |
| 003 | CaOODSP |
| 005 | 20221104105554 |
| 007 | cr ||||||||||| |
| 008 | 150407|1994||||xxc|||||o f|0| 0 fre d |
| 040 | |aCaOODSP|bfre |
| 043 | |an-cn--- |
| 086 | 1 |aR62-275/1994F-PDF |
| 110 | 2 |aParcs Canada. |
| 245 | 10|aParcs Canada - Principes directeurs et politiques de gestion |h[ressource électronique] |
| 260 | |aOttawa - Ontario : |bPatrimoine canadien. |cc1994. |
| 300 | |a177p.|bill. |
| 520 | 3 |aLe présent document est un énoncé global de principes généraux qui visent à orienter tant les programmes actuels que les initiatives à venir de Parcs Canada.--Avant-propos |
| 590 | |a13-15-Supp|b2013-06-24 |
| 691 | 07|aParc|2gcpds |
| 691 | 07|aParc national|2gcpds |
| 775 | 08|tParks Canada guiding principles and operational policies |w(CaOODSP)9.698069 |
| 776 | 0#|tPrincipes directeurs et politiques de gestion de Parcs Canada |w(CaOODSP)9.679212 |
| 856 | 40|ahttp://publications.gc.ca|qPDF|s1.78 Mo|uhttps://publications.gc.ca/collections/Collection/R62-275-1994F.pdf |